|
|
|
|
| LEADER |
00000naa2a2200000 4500 |
| 001 |
136031 |
| 005 |
20231101220607.0 |
| 035 |
|
|
|a (RuTPU)RU\TPU\book\147422
|
| 090 |
|
|
|a 136031
|
| 100 |
|
|
|a 20080417d2007 k y0rusy50 ca
|
| 101 |
0 |
|
|a rus
|
| 102 |
|
|
|a RU
|
| 200 |
1 |
|
|a Необходимость разработки трёх-блоковой программы иностранного языка в техническом вузе
|f М. А. Вальшина, Ю. А. Карманова, А. А. Молчанова
|
| 463 |
|
0 |
|0 (RuTPU)RU\TPU\book\136479
|t Инновационные технологии и экономика в машиностроении
|o V Всероссийская научно-практическая конференция с международным участием, г. Юрга 14-15 сентября 2007 г.
|o труды
|f Томский политехнический университет (ТПУ) ; Юргинский технологический институт (филиал) ; под ред. Д. А. Чинахова
|v С. 490-492
|d 2007
|p 558 с.
|
| 610 |
1 |
|
|a иностранные языки
|
| 610 |
1 |
|
|a технические вузы
|
| 610 |
1 |
|
|a программы обучения
|
| 610 |
1 |
|
|a обучение
|
| 610 |
1 |
|
|a трёх-блоковые программы
|
| 610 |
1 |
|
|a труды учёных ТПУ
|
| 700 |
|
1 |
|a Вальшина
|b М. А.
|c лингвист
|c ассистент Юргинского технологического института (филиала) Томского политехнического университета
|g Марина Александровна
|2 stltpush
|3 (RuTPU)RU\TPU\pers\25975
|9 11824
|
| 701 |
|
1 |
|a Карманова
|b Ю. А.
|c лингвист
|c доцент Томского политехнического университета, кандидат филологических наук
|f 1984-
|g Юлия Александровна
|2 stltpush
|3 (RuTPU)RU\TPU\pers\25695
|
| 701 |
|
1 |
|a Молчанова
|b А. А.
|c ассистент
|c Юргинский технологический институт Томского политехнического университета
|g Анна Александровна
|2 stltpush
|3 (RuTPU)RU\TPU\pers\24738
|9 10979
|
| 801 |
|
1 |
|a RU
|b 63413507
|c 20080417
|g PSBO
|
| 801 |
|
2 |
|a RU
|b 63413507
|c 20160129
|g RCR
|
| 942 |
|
|
|c BK
|